| 000 | 00402nam a2200145 i 4500 | ||
|---|---|---|---|
| 001 | 30440 | ||
| 003 | ES-MaACL | ||
| 007 | t| | ||
| 008 | 030124s1901 xxu ||||1| eng d | ||
| 100 | 1 |
_aBaxter, Sylvester. _926643 |
|
| 245 | 1 | 0 |
_aSpanish-colonial architecture in Mexico / _cby Sylvester Baxter. |
| 260 |
_aBoston : _bJ.B. Millet, _c1901. |
||
| 300 |
_a10 v. ; _c35 cm. |
||
| 852 |
_aES-MaACL _jG-161-170 |
||
| 999 |
_c30440 _d30440 |
||